000 00289nam a2200121Ia 4500
008 190216s9999||||xx |||||||||||||| ||und||
100 _aBrig J P Dalvi
245 0 _aHimalayan Blunder
260 _bOrient Paper Back
_c1962
300 _a418p
650 _aGeneral Collections
942 _cBK
999 _c12342
_d12342